000 00405nam a2200157Ia 4500
008 230312s9999||||xx |||||||||||||| ||und||
020 _a81-317-1431-7
082 _a658.4038
_bLAU-M
100 _aLaudon,Kenneth.C
245 0 _aManagement Information Systems
260 _bPearsons Education
_aIndia
_c2007
300 _a731
546 _aEng.
650 _aManagement
_vNetworked Enterprise
942 _cBK
999 _c6281
_d6281